|
|
|
|
| LEADER |
00921nab a2200253 i 4500 |
| 001 |
misc63640 |
| 005 |
20221018134023.0 |
| 008 |
220630s1940 hu o 0|| rus d |
| 040 |
|
|
|a SZTE Miscellanea Repozitórium
|b hun
|
| 041 |
|
|
|a rus
|
| 041 |
|
|
|a tut
|
| 100 |
1 |
|
|a Malov Sergej Efimovič
|
| 245 |
1 |
0 |
|a Gunnar Jarring
|h [elektronikus dokumentum] :
|b The contest of the fruits : an Eastern Turki allegory. Lund, 1936 : recenziâ /
|c Malov Sergej Efimovič
|
| 260 |
|
|
|c 1940
|
| 300 |
|
|
|a 184-186
|c 25 cm
|
| 300 |
|
|
|a [3] p.
|c 25 cm
|
| 490 |
0 |
|
|a Âzyk i mišlenie
|
| 561 |
|
|
|a Németh Gyula hagyaték
|
| 591 |
|
|
|a NOA 3405
|
| 650 |
|
4 |
|a Bölcsészettudományok
|
| 650 |
|
4 |
|a Nyelvek és irodalom
|
| 695 |
|
|
|a Ujgur irodalom - költészet - könyvismertetés, Ujgur irodalom - vers - könyvismertetés
|
| 700 |
0 |
1 |
|a Jarring Gunnar
|
| 856 |
4 |
0 |
|u http://misc.bibl.u-szeged.hu/63640/1/3405_noa_m25.pdf
|z Dokumentum-elérés
|